000 00556nam a2200217Ia 4500
005 20241129115534.0
008 241129s9999||||xx |||||||||||||| ||und||
020 _a9789819706051
037 _aTB
040 _aSDCL
_beng
_cSDCL
041 _aeng
_2eng
084 _aB15 R4
_qSDCL
100 _aKhanduja Sudesh Kaur
_9727696
245 0 _aTextbook of algebraic number theory
260 _aSingapore
_bSpringer
_c2024
300 _axviii,252p.
365 _aINR
_b0
650 _aGift
942 _cTB
_hB15 R4
999 _c1230884
_d1230884